Thinking mathematically

Bibliographic Details
Main Author: Blitzer, Robert
Format: Section = Libro
Language:Undetermined
Spanish
Published: United States Pearson Prentice Hall 2008
Edition:4a.ed.
Subjects:
LEADER 00540nam a2200217Ia 4500
008 240829s9999 xx 000 0 und d
020 |a 0-13-175206-5 
040 |a BIBLIOTECA-RUSB/ 510 B649 
041 |a spa 
082 |a 510 B649 
100 1 |a Blitzer, Robert 
245 1 0 |a Thinking mathematically 
250 |a 4a.ed. 
260 |a United States  |b Pearson Prentice Hall  |c 2008 
300 |a 958 p. :il. 
650 7 |a MATEMATICAS 
650 7 |b  GEOMETRIA 
650 7 |c  ALGEBRA. gill, Jack C. 
942 |c BK  |2 ddc 
991 |a TEXTO 
999 |c 1236